Baki - Maximum Tournament: Second Round - Statistics

General Stats
  • This quiz has been taken 10 times
  • The average score is 7 of 8
Answer Stats
Question Answer % Correct
Block A Fight #1 Hanma Baki
100%
Block C Fight #2 Jack Hanma
100%
Block B Fight #2 Orochi Katsumi
100%
Block B Fight #1 Retsu Kaiou
100%
Block D Fight #2 Shibukawa Gouki
100%
Block A Fight #2 Igari Kanji
83%
Block D Fight #1 Orochi Doppo
83%
Block C Fight #1 Shiba Chiharu
67%
No matching quizzes found
Score Distribution
Percent of People with Each Score
Percentile by Number Answered
Your Score History
You have not taken this quiz